Które miasto jest większe pod względem powierzchni? - Statystyki

Ogólne statystyki
  • Ten quiz został rozwiązany 279 razy
  • Średni wynik to 10 z 20
Statystyki odpowiedzi
Zagadnienie Odpowiedź % Poprawnych
Które miasto jest większe pod względem powierzchni? Berlin
100%
Które miasto jest większe pod względem powierzchni? Bogota
100%
Które miasto jest większe pod względem powierzchni? Hamburg
100%
Które miasto jest większe pod względem powierzchni? Londyn
100%
Które miasto jest większe pod względem powierzchni? Lublin
100%
Które miasto jest większe pod względem powierzchni? Sydney
100%
Które miasto jest większe pod względem powierzchni? Szczecin
100%
Które miasto jest większe pod względem powierzchni? Teheran
100%
Które miasto jest większe pod względem powierzchni? Dąbrowa Górnicza
50%
Które miasto jest większe pod względem powierzchni? Kijów
50%
Które miasto jest większe pod względem powierzchni? Kinszasa
50%
Które miasto jest większe pod względem powierzchni? Denver
0%
Które miasto jest większe pod względem powierzchni? Lima
0%
Które miasto jest większe pod względem powierzchni? Los Angeles
0%
Które miasto jest większe pod względem powierzchni? Mekka
0%
Które miasto jest większe pod względem powierzchni? Oslo
0%
Które miasto jest większe pod względem powierzchni? Pekin
0%
Które miasto jest większe pod względem powierzchni? Praga
0%
Które miasto jest większe pod względem powierzchni? Reykjavik
0%
Które miasto jest większe pod względem powierzchni? Rijad
0%
Nie znaleziono quizów pasujących do podanych kryteriów
Rozkład punktacji
Procent ludzi z każdym wynikiem
Percentyl według liczby udzielonych odpowiedzi
Twoja historia wyników
Nie rozwiązałeś tego quizu